00297nam a2200121Ia 4500008004100000041000800041082001200049100001700061245002600078260003200104300003200136365000700168240624s9999 xx 000 0 und d aeng a823 HAR aHARDY THOMAS aMAYOR OF CASTERBRIDGE c2001aNew DelhibWordsworth axvii, : 270 : p. : cm. ; 19 cRS